00683nam a2200217 i 450000100060000000300090000600500170001500700030003200800410003502000180007610000240009424500750011825000150019326000310020830000220023950000120026150400200027385200330029399900170032695201220034384925ES-MaACL20230906175137.0t|041124s1985 fr ||||1| fre d a2-7116-0413-61 aJoly, Henri.96681014aLe renversement platonicien b: logos, episteme, polis / cHenri Joly. a2eme corr. aParis : bJ. Vrin, c1985. a405 p. ; c24 cm. aIndice. aBibliografía. aES-MaACLjL-11833 bR.113415 c84925d84925 00104070aATENEOMbATENEOMcDEPO2d2008-01-17eSCl0oL-11833p1088750r2023-02-23 00:00:00w2023-02-23yMONOGRAFIA